000
00284nam a22001337a 4500
008
181030b xxu||||| |||| 00| 0 eng d
020
_a
9780030977152
041
_a
eng
080
_a
531
100
_a
43
101
_a
FIZ
245
_a
Principles Physics
_c
Srway
942
_2
udc
_c
BK
999
_c
51086
_d
51086